| 000 | 00741nam a2200229Ia 4500 | ||
|---|---|---|---|
| 001 | 21767 | ||
| 005 | 20260407140148.0 | ||
| 008 | 260320s9999||||xx |||||||||||||| ||und|| | ||
| 020 | _a9786034514706 | ||
| 041 | _aESP | ||
| 082 |
_a617.70985 _bH22 |
||
| 100 |
_aHaro Haro, Daniel Enrique, _eAUT |
||
| 245 | 0 | _aPara una historia de la oftalmología en el Perú | |
| 250 | _aPrimera edición | ||
| 260 |
_aLima : _bSociedad Peruana de Oftalmología, _c2008 |
||
| 300 |
_a207 páginas : _bilustraciones ; _c30 cm. |
||
| 650 | _aTCA | ||
| 653 | _aOftalmología | ||
| 654 | _aCCS | ||
| 856 |
_uhttps://accessmedicina-mhmedical-com.ucsp.lookproxy.com/ _zVéase además: Base de datos McGraw Hill Access Medicina |
||
| 942 |
_cLIB _dJUS _fMIP _2ddc |
||
| 999 |
_c21767 _d21767 |
||